[Event "SRB-chT 1st League"]
[Site "Kragujevac"]
[Date "2016.09.18"]
[Round "11.2"]
[White "Krstic, Ranko"]
[Black "Vuckovic, Branko"]
[Result "1/2-1/2"]
[WhiteElo "2206"]
[BlackElo "2263"]
[PlyCount "25"]
[EventDate "2016.09.10"]
[EventType "team-tourn"]
[EventRounds "11"]
[EventCountry "SRB"]
[SourceTitle "CBM 174 Extra"]
[Source "ChessBase"]
[SourceDate "2016.10.10"]
[SourceVersion "1"]
[SourceVersionDate "2016.10.10"]
[SourceQuality "1"]
[WhiteTeam "Leskovac Glubocica"]
[BlackTeam "Ub"]
[WhiteTeamCountry "SRB"]
[BlackTeamCountry "SRB"]

1. d4 Nf6 2. c4 e5 3. dxe5 Ng4 4. Nf3 Bc5 5. e3 Nc6 6. Be2 0-0 7. 0-0 Re8 8. Nc3 Ncxe5 9. Nxe5 Nxe5 10. b3 a5 11. Ne4 Bf8 12. Ng3 d6 13. Bb2 1/2-1/2

[Event "SRB-chT 1st League"]
[Site "Kragujevac"]
[Date "2016.09.16"]
[Round "9.1"]
[White "Vuckovic, Branko"]
[Black "Radovic, Janko"]
[Result "1/2-1/2"]
[WhiteElo "2263"]
[BlackElo "2258"]
[PlyCount "77"]
[EventDate "2016.09.10"]
[EventType "team-tourn"]
[EventRounds "11"]
[EventCountry "SRB"]
[SourceTitle "CBM 174 Extra"]
[Source "ChessBase"]
[SourceDate "2016.10.10"]
[SourceVersion "1"]
[SourceVersionDate "2016.10.10"]
[SourceQuality "1"]
[WhiteTeam "Ub"]
[BlackTeam "Kragujevac Radnicki"]
[WhiteTeamCountry "SRB"]
[BlackTeamCountry "SRB"]

1. e4 c5 2. Nf3 d6 3. d4 cxd4 4. Nxd4 Nf6 5. Nc3 a6 6. Be2 e5 7. Nb3 Be7 8. Bg5 Nbd7 9. a4 h6 10. Bh4 b6 11. Nd2 Bb7 12. Nc4 Qc7 13. f3 0-0 14. Ne3 g6 15. 0-0 Rac8 16. Bc4 Ng4 17. Nxg4 Bxh4 18. Bb3 Bg5 19. Qe1 h5 20. Nf2 Nc5 21. Bd5 Qd7 22. Bxb7 Qxb7 23. Nd5 Ne6 24. c3 Nc7 25. Rd1 Qc6 26. Qe2 Nxd5 27. Rxd5 Qxa4 28. Rxd6 Rfd8 29. Rfd1 Rxd6 30. Rxd6 Rd8 31. Rxd8+ Bxd8 32. g3 Be7 33. Kg2 Bc5 34. Nd3 Qb5 35. Qc2 Bd6 36. f4 exf4 37. Nxf4 Bxf4 38. gxf4 Qc6 39. Qd3 1/2-1/2

[Event "SRB-chT 1st League"]
[Site "Kragujevac"]
[Date "2016.09.15"]
[Round "8.6"]
[White "Vuckovic, Branko"]
[Black "Vlajkovic, Stanko"]
[Result "1-0"]
[WhiteElo "2263"]
[BlackElo "1959"]
[PlyCount "71"]
[EventDate "2016.09.10"]
[EventType "team-tourn"]
[EventRounds "11"]
[EventCountry "SRB"]
[SourceTitle "CBM 174 Extra"]
[Source "ChessBase"]
[SourceDate "2016.10.10"]
[SourceVersion "1"]
[SourceVersionDate "2016.10.10"]
[SourceQuality "1"]
[WhiteTeam "Ub"]
[BlackTeam "Arandjelovac"]
[WhiteTeamCountry "SRB"]
[BlackTeamCountry "SRB"]

1. e4 c6 2. d4 d6 3. Nc3 Nd7 4. f4 e5 5. Nf3 exd4 6. Qxd4 Qb6 7. Bc4 Ngf6 8. Qxb6 Nxb6 9. Bb3 Be7 10. a4 d5 11. a5 Nc4 12. exd5 cxd5 13. Nxd5 Nxd5 14. Bxc4 Nb4 15. Bb3 Bf5 16. Ba4+ Kf8 17. Nd4 Be4 18. 0-0 Bc5 19. Be3 Rc8 20. Rfe1 g6 21. Ne6+ fxe6 22. Bxc5+ Rxc5 23. Rxe4 Nc6 24. Rae1 Nd8 25. b4 Rc7 26. Bb3 Kg7 27. Bxe6 Rxc2 28. Bd5 Rf8 29. g3 Rf5 30. Re7+ Kf6 31. Be4 Rb2 32. Bxf5 Kxf5 33. h3 Kf6 34. g4 Rxb4 35. g5+ Kf5 36. Rd7 1-0

[Event "SRB-chT 1st League"]
[Site "Kragujevac"]
[Date "2016.09.14"]
[Round "7.2"]
[White "Ivic, Matija"]
[Black "Vuckovic, Branko"]
[Result "1-0"]
[WhiteElo "2156"]
[BlackElo "2263"]
[PlyCount "55"]
[EventDate "2016.09.10"]
[EventType "team-tourn"]
[EventRounds "11"]
[EventCountry "SRB"]
[SourceTitle "CBM 174 Extra"]
[Source "ChessBase"]
[SourceDate "2016.10.10"]
[SourceVersion "1"]
[SourceVersionDate "2016.10.10"]
[SourceQuality "1"]
[WhiteTeam "Paracin"]
[BlackTeam "Ub"]
[WhiteTeamCountry "SRB"]
[BlackTeamCountry "SRB"]

1. d4 d6 2. Nf3 Nf6 3. g3 Bf5 4. Bg2 Qc8 5. 0-0 Bh3 6. Re1 Bxg2 7. Kxg2 e6 8. e4 Be7 9. e5 dxe5 10. dxe5 Nfd7 11. Qe2 Nc6 12. Nbd2 0-0 13. h4 Rd8 14. a3 Nf8 15. b4 a6 16. Bb2 Na7 17. Ne4 Qd7 18. Nf6+ gxf6 19. exf6 Bd6 20. Qe3 Ng6 21. h5 Nf4+ 22. gxf4 Qc6 23. Kh3 Qxc2 24. Nd4 Qxb2 25. Qg3+ Kf8 26. Rxe6 fxe6 27. Qg7+ Ke8 28. Qg8+ 1-0

[Event "SRB-chT Central"]
[Site "Kragujevac"]
[Date "2013.09.19"]
[Round "8.5"]
[White "Vuckovic, Branko"]
[Black "Nenadovic, Ljubisa"]
[Result "0-1"]
[WhiteElo "2263"]
[BlackElo "2189"]
[PlyCount "54"]
[EventDate "2013.09.14"]
[EventType "team-tourn"]
[EventRounds "11"]
[EventCountry "SRB"]
[SourceTitle "CBM 156 Extra"]
[Source "ChessBase"]
[SourceDate "2013.10.22"]
[SourceVersion "1"]
[SourceVersionDate "2013.10.22"]
[SourceQuality "1"]
[WhiteTeam "Pozega"]
[BlackTeam "Vladimirci"]
[WhiteTeamCountry "SRB"]
[BlackTeamCountry "SRB"]

1. e4 c5 2. Nf3 e6 3. Nc3 a6 4. d4 cxd4 5. Qxd4 Nc6 6. Qd3 Qc7 7. Bg5 Be7 8. Bxe7 Ngxe7 9. g3 b5 10. Bg2 Bb7 11. 0-0 0-0 12. Rfd1 Rfd8 13. Qe3 Rac8 14. a4 b4 15. Nd5 exd5 16. exd5 Nf5 17. Qg5 Na5 18. Qxf5 Qxc2 19. Qf4 Rc4 20. Qd6 Nb3 21. Rab1 Bc8 22. Bf1 Rc7 23. Qxb4 a5 24. Qb6 Re8 25. Bd3 Rb7 26. Re1 Qxb1 27. Kg2 Qxe1 0-1

[Event "SRB-chT Central"]
[Site "Kragujevac"]
[Date "2013.09.18"]
[Round "7.3"]
[White "Nikolic, Boban"]
[Black "Vuckovic, Branko"]
[Result "1/2-1/2"]
[WhiteElo "2255"]
[BlackElo "2263"]
[PlyCount "40"]
[EventDate "2013.09.14"]
[EventType "team-tourn"]
[EventRounds "11"]
[EventCountry "SRB"]
[SourceTitle "CBM 156 Extra"]
[Source "ChessBase"]
[SourceDate "2013.10.22"]
[SourceVersion "1"]
[SourceVersionDate "2013.10.22"]
[SourceQuality "1"]
[WhiteTeam "Pirot Progres"]
[BlackTeam "Pozega"]
[WhiteTeamCountry "SRB"]
[BlackTeamCountry "SRB"]

1. Nf3 Nf6 2. c4 c6 3. g3 d5 4. Bg2 e6 5. Qc2 Nbd7 6. b3 Bd6 7. Nc3 0-0 8. 0-0 Re8 9. Bb2 Qa5 10. cxd5 exd5 11. d4 Nf8 12. Ne5 Bxe5 13. dxe5 Ng4 14. e4 dxe4 15. Nxe4 Nxe5 16. Nd6 Re7 17. Rad1 Bg4 18. f3 Bh5 19. Nf5 Ree8 20. Nd6 Re7 1/2-1/2

[Event "SRB-chT"]
[Site "Vrnjacka Banja"]
[Date "2012.10.04"]
[Round "8.6"]
[White "Ignjatovic, Predrag"]
[Black "Vuckovic, Branko"]
[Result "1-0"]
[WhiteElo "2294"]
[BlackElo "2258"]
[PlyCount "121"]
[EventDate "2012.09.29"]
[EventType "team-tourn"]
[EventRounds "11"]
[EventCountry "SRB"]
[SourceTitle "CBM 150 Extra"]
[Source "ChessBase"]
[SourceDate "2012.10.19"]
[SourceVersion "1"]
[SourceVersionDate "2012.10.19"]
[SourceQuality "1"]
[WhiteTeam "Vladimirci"]
[BlackTeam "Pozega"]
[WhiteTeamCountry "SRB"]
[BlackTeamCountry "SRB"]

1. e4 Nf6 2. Nc3 e5 3. Nf3 Bb4 4. Bc4 0-0 5. 0-0 d6 6. d3 c6 7. h3 Be6 8. Bb3 h6 9. Ne2 Nbd7 10. c3 Ba5 11. Ng3 Re8 12. Re1 Bc7 13. d4 Nf8 14. Be3 Kh7 15. Bc2 Kg8 16. Qd2 Ng6 17. Rad1 Qe7 18. b3 Rad8 19. c4 c5 20. d5 Bd7 21. Nf5 Qf8 22. Kh2 Nh5 23. g3 b5 24. Rb1 Rb8 25. Bd3 a6 26. Bc2 bxc4 27. bxc4 Rxb1 28. Rxb1 Rb8 29. Rb3 Rxb3 30. axb3 Qd8 31. Bxh6 Ba5 32. Qc1 Bxf5 33. exf5 Nf8 34. Bg5 Nf6 35. g4 N8d7 36. Bh4 Qb8 37. Bg5 Qd8 38. Kg2 Bc3 39. Ng1 Qa5 40. Ne2 Bb4 41. Ng3 Qa3 42. Qd1 Qb2 43. Bc1 Qc3 44. g5 Ne8 45. Be3 Kf8 46. Ne4 Qb2 47. h4 a5 48. h5 Ke7 49. f6+ gxf6 50. h6 Nf8 51. Nxf6 e4 52. h7 Ng6 53. Qg4 Nxf6 54. gxf6+ Kxf6 55. Bxe4 Kg7 56. Bxg6 fxg6 57. Qd7+ Kh8 58. Qxd6 Kxh7 59. Qe7+ Qg7 60. d6 Bc3 61. Bg5 1-0

[Event "SRB-chT"]
[Site "Vrnjacka Banja"]
[Date "2012.09.29"]
[Round "1.5"]
[White "Vuckovic, Branko"]
[Black "Simonovic, Aleksandar"]
[Result "1/2-1/2"]
[WhiteElo "2258"]
[BlackElo "2379"]
[PlyCount "27"]
[EventDate "2012.09.29"]
[EventType "team-tourn"]
[EventRounds "11"]
[EventCountry "SRB"]
[SourceTitle "CBM 150 Extra"]
[Source "ChessBase"]
[SourceDate "2012.10.19"]
[SourceVersion "1"]
[SourceVersionDate "2012.10.19"]
[SourceQuality "1"]
[WhiteTeam "Pozega"]
[BlackTeam "Kraljevo Sloga"]
[WhiteTeamCountry "SRB"]
[BlackTeamCountry "SRB"]

1. e4 c5 2. Nf3 Nc6 3. Bb5 Na5 4. c3 a6 5. Be2 e6 6. d4 cxd4 7. cxd4 b5 8. 0-0 Bb7 9. d5 Nf6 10. Bg5 h6 11. Bxf6 gxf6 12. Nd4 Qb6 13. Nc3 Rc8 14. Qd3 1/2-1/2

[Event "SRB-chT Central"]
[Site "Kraljevo"]
[Date "2011.09.18"]
[Round "3"]
[White "Radusinovic, Lazar"]
[Black "Vuckovic, Branko"]
[Result "1-0"]
[WhiteElo "2308"]
[BlackElo "2271"]
[PlyCount "111"]
[EventDate "2011.09.17"]
[EventType "team-tourn"]
[EventRounds "11"]
[EventCountry "SRB"]
[SourceTitle "CBM 144 Extra"]
[Source "ChessBase"]
[SourceDate "2011.10.28"]
[SourceVersion "1"]
[SourceVersionDate "2011.10.28"]
[SourceQuality "1"]
[WhiteTeam "Jasenica"]
[BlackTeam "Ub"]
[WhiteTeamCountry "YUG"]
[BlackTeamCountry "YUG"]

1. d4 d5 2. c4 c6 3. Nc3 Nf6 4. cxd5 cxd5 5. Bf4 Nc6 6. e3 Bf5 7. Qb3 Na5 8. Qa4+ Bd7 9. Bb5 Nc6 10. Nf3 a6 11. Bxc6 Bxc6 12. Qb3 Nh5 13. Bg3 Nxg3 14. hxg3 f6 15. Nh4 Rg8 16. e4 e6 17. exd5 exd5 18. 0-0-0 Qd7 19. Rde1+ Be7 20. Qa3 Kd8 21. Qb3 Rc8 22. Qb6+ Qc7 23. Qxc7+ Rxc7 24. Nf5 Bb4 25. Kd2 h6 26. a3 Ba5 27. g4 Re8 28. Rxe8+ Kxe8 29. b4 Bb6 30. Re1+ Kd8 31. Kd3 Ba7 32. Re6 Rf7 33. a4 Bb8 34. b5 Bd7 35. Rb6 axb5 36. axb5 Kc8 37. f3 h5 38. Nxd5 hxg4 39. Nfe7+ Kd8 40. Rxb7 Bd6 41. Nc6+ Bxc6 42. bxc6 Rxb7 43. cxb7 gxf3 44. gxf3 Kd7 45. Ke4 Kc6 46. Ne7+ Kxb7 47. Nf5 Bf8 48. Kd5 g6 49. Nh4 g5 50. Nf5 Ba3 51. Ke6 Bc1 52. Kxf6 Kc7 53. Ke6 Kd8 54. d5 Bb2 55. d6 Ba3 56. Nh6 1-0

[Event "SRB-chT 1st League"]
[Site "Valjevo"]
[Date "2010.09.18"]
[Round "1"]
[White "Vuckovic, Branko"]
[Black "Sredojevic, Ivan"]
[Result "1/2-1/2"]
[WhiteElo "2243"]
[BlackElo "2390"]
[PlyCount "37"]
[EventDate "2010.09.18"]
[EventType "team"]
[EventRounds "11"]
[EventCountry "SRB"]
[SourceTitle "CBM 138 Extra"]
[Source "ChessBase"]
[SourceDate "2010.10.29"]
[SourceVersion "1"]
[SourceVersionDate "2010.10.29"]
[SourceQuality "1"]

1. e4 c5 2. Nf3 Nc6 3. Bb5 Na5 4. c3 a6 5. Be2 d5 6. exd5 Qxd5 7. 0-0 e6 8. Qa4+ Nc6 9. d4 cxd4 10. Nxd4 Bd7 11. Nf3 Bc5 12. Qg4 g6 13. Rd1 Qf5 14. Qh4 h6 15. Bd3 Qf6 16. Qc4 Qe7 17. Nbd2 f5 18. Nb3 Ba7 19. Bc2 1/2-1/2

[Event "SRB-chT2 West"]
[Site "Serbia"]
[Date "2008.09.14"]
[Round "1.4"]
[White "Vuckovic, Branko"]
[Black "Avramovic, Zoran"]
[Result "1-0"]
[WhiteElo "2226"]
[BlackElo "2238"]
[PlyCount "101"]
[EventDate "2008.09.14"]
[EventType "team"]
[EventRounds "11"]
[EventCountry "SRB"]
[SourceTitle "EXT 2012"]
[Source "ChessBase"]
[SourceDate "2011.11.24"]
[SourceVersion "1"]
[SourceVersionDate "2011.11.24"]
[SourceQuality "1"]

1. e4 e5 2. Nf3 Nf6 3. Nc3 Nc6 4. Bb5 Bc5 5. d3 h6 6. Be3 Qe7 7. 0-0 0-0 8. Nh4 Nd4 9. Bc4 Kh7 10. Na4 d6 11. c3 Nc6 12. Nxc5 dxc5 13. Qf3 Na5 14. Nf5 Bxf5 15. Qxf5+ g6 16. Bxc5 Qxc5 17. Qxf6 Nxc4 18. dxc4 Qxc4 19. Rad1 Kg8 20. Rd7 Qxa2 21. Rxc7 Qxb2 22. Qxe5 b5 23. h4 Qe2 24. Qf4 a5 25. f3 h5 26. Rf2 Qd1+ 27. Kh2 a4 28. Rd2 Qb3 29. Rdd7 Ra6 30. c4 Qxc4 31. Rxc4 bxc4 32. Qc7 c3 33. Qxc3 Rfa8 34. Qa3 R8a7 35. Rxa7 Rxa7 36. Kg3 Ra6 37. Kf4 Ra5 38. g3 Ra6 39. Kg5 Kg7 40. Kf4 Kg8 41. Ke5 Kh7 42. Kd5 Kg8 43. Kc5 Ra8 44. Kb6 Rb8+ 45. Kc7 Rb3 46. Qxa4 Rxf3 47. Qe8+ Kg7 48. Kd6 Rd3+ 49. Ke7 Rxg3 50. Qxf7+ Kh6 51. e5 1-0